| 000 | 00461nam a2200169Ia 4500 | ||
|---|---|---|---|
| 003 | OSt | ||
| 005 | 20260313095820.0 | ||
| 008 | 211028s2013 xx 000 0 und d | ||
| 040 | _cAIMIT LIBRARY | ||
| 041 | _aeng | ||
| 100 |
_aMonteiro, Ramya P; Lasrado, Suman Antony. _g101789 _93960 |
||
| 110 |
_aManimozhi R _93961 |
||
| 245 | _aPromaze / | ||
| 260 |
_aMangalore _c2013 |
||
| 710 |
_aInfoConnect Web Technologies India Pvt. Ltd. _93962 |
||
| 942 |
_2ddc _cPRO |
||
| 999 |
_c217409 _d217409 |
||